000 00518nam a2200157 a 4500
001 000030459
005 20200930062326.0
008 110517s1999 dr a 000 | spa d
040 _aDO-SdBNP
_bspa
_cBNPHU
082 _axxx
_bI59p
110 2 _aInstituto de Medicina Dominicana
_957091
245 1 0 _aPlantas medicinales usadas en varias enfermedades en la comunidad de La Montería, Baní, provincia Peravia.
260 _aSanto Domingo :
_bEditora Búho,
_c1999.
300 _a31 p. :
_bil. ;
_c21 cm.
049 _aBNPD
999 _c29951
_d29951